000 00678cam a22002418a 4500
008
020 _a0314632980
049 _aMAIN
090 _aHB171.5
_bTRU
100 1 _aTruett, Lila J.
245 1 0 _aEconomics /
_cLila J. Truett, Dale B. Truett.
260 _aSt. Paul :
_bWest Pub. Co.,
_cc1982.
300 _axxxii, 848, [56] p. :
_bill. ;
_c27 cm.
504 _aIncludes bibliographical references.
500 _aIncludes index.
650 0 _aEconomics.
700 1 _aTruett, Dale B.
907 _a.b10036817
_b23-07-13
_c17-04-03
003
005 20230123133201.0
040 _cNUST
942 _cBOOKS
_kHB171.5
_mTRU
999 _c144173
_d144173